Score 0/40 Timer 10:00
7 Plays Today
% Correct
Michelle Obama
99.4%
Queen Elizabeth II
98.4%
Anne Frank
97.7%
Hillary Rodham Clinton
95.2%
Princess Diana
94.7%
Cleopatra
92.1%
Margaret Thatcher
90.4%
Rosa Parks
89.5%
Mother Teresa
86.3%
Marie Curie
85.9%
Amelia Earhart
84.7%
Queen Victoria
79.1%
Eleanor Roosevelt
77.4%
Queen Elizabeth I
75.6%
Agatha Christie
74.2%
Angela Merkel
73%
Emily Brontë
71.7%
Joan of Arc
71.5%
Jane Austen
69.1%
Mary, Queen of Scots
68.7%
% Correct
Marie Antoinette
65.8%
Catherine the Great
63.9%
Billie Jean King
63.3%
Florence Nightingale
60.9%
Pocahontas
59.9%
Annie Oakley
59.8%
Indira Gandhi
57.8%
Frida Kahlo
57.2%
Eva Perón
56.9%
Benazir Bhutto
45.3%
Mata Hari
44.6%
Sandra Day O'Connor
44.4%
Madeleine Albright
44%
Golda Meir
42%
Édith Piaf
41.1%
Susan B. Anthony
39%
Virginia Woolf
33.4%
Simone de Beauvoir
22.9%
Aung San Suu Kyi
18.8%
Dilma Rousseff
14.6%
Remove Ads.
Support Sporcle.
Get the best of Sporcle when you Go Orange. This ad-free experience offers more features, more stats, and more fun while also helping to support Sporcle. Thank you for becoming a member.

You're not logged in!

Compare scores with friends on all Sporcle quizzes.
OR
Log In

Show Comments

Extras

Top Quizzes Today


Score Distribution

Your Account Isn't Verified!

In order to create a playlist on Sporcle, you need to verify the email address you used during registration. Go to your Sporcle Settings to finish the process.

Report this User

Report this user for behavior that violates our Community Guidelines.

Details: